Представление документа в формате MARC21

Поле Инд. ПП Название Значение
Тип записи m
Библиографический уровень m
001 Контрольный номер RU/LIBMSTU/338376053
005 Дата корректировки 20250221163407.2
008 Кодируемые данные 101025|||||||||ru |||||||||||||||||rus||
040 b Код языка каталог. rus
041 0_ a Код языка текста rus
084 a Индекс другой классификации/Индекс ББК 94+65.305.143+65.271
090 x Авторский знак Л 64
100 1_ a Автор Литвинова И. Н.
245 10 a Заглавие Страхование хозяйственных рисков предприятий тепловой энергетики
b Продолж. заглавия автореф. дис. ... канд. экон. наук : 08.00.05
c Ответственность Мурман. гос. техн. ун-т
h Физич. носитель Электронный ресурс
256 a Характеристики компьютерного файла Электрон. текстовые дан. (1 файл : 383 Кб)
260 a Место издания Мурманск
c Дата издания 2009
500 a Примечание URL: https://mstu.mauniver.ru/science/diss/d307_09_01/files/litvinova.pdf
500 10 a Примечание Загл. с экрана
500 10 a Примечание Имеется печ. аналог 2009 г.
583 x Служебное примечание Полнотекстовые документы
x Служебное примечание Труды преподавателей МГТУ
650 04 a Основная рубрика Тепловая энергетика-Предприятия-Хозяйственные риски-Страхование-Авторефераты диссертаций
653 1_ a Ключевые слова Теплоэнергетика
a Ключевые слова Труды преподавателей МГТУ
653 1_ a Ключевые слова Предприятия теплоэнергетики
a Ключевые слова Предприятия электроэнергетики
653 1_ a Ключевые слова Риски теплоэнергетики
653 1_ a Ключевые слова Риски хозяйственные
653 1_ a Ключевые слова Страхование рисков
653 1_ a Ключевые слова Авторефераты диссертаций
a Ключевые слова Электронные версии
856 40 u URL https://mstu.mauniver.ru/science/diss/d307_09_01/files/litvinova.pdf
901 t Тип документа r